| 000 | 01242nam a2200313 i 4500 | ||
|---|---|---|---|
| 003 | EG-ScBUE | ||
| 005 | 20240121095058.0 | ||
| 008 | 111127s1993 ua o f b 000 0bara d | ||
| 017 | _a1993 / 7906 | ||
| 020 | _a9775034086 | ||
| 040 |
_aEG-ScBUE _bara _erda _cEG-ScBUE _dEG-ScBUE |
||
| 043 | _af-ua--- | ||
| 082 | 0 | 4 |
_222 _a962.053 _bف ر ا |
| 100 | 1 |
_927911 _aفراج، سمير، _d1966- _eمؤلف. |
|
| 245 | 1 | 0 |
_aقطوف من مذكرات د. محمد حسن الزيات : _bوزير خارجية مصر الأسبق / _cسمير فراج. |
| 246 | _aمذكرات د. محمد حسن الزيات | ||
| 250 | _aالطبعة الأولى. | ||
| 264 | 1 |
_aالقاهرة : _bدار الفكر الحديث، _c1993. |
|
| 300 |
_a315 صفحة : _bصور ؛ _c24 سم |
||
| 336 |
_2rdacontent _aنص _btxt |
||
| 337 |
_aبدون وسيط _2rdamedia _bn |
||
| 338 |
_aمجلد _bnc _2rdacarrier |
||
| 504 | _aيشتمل على إرجاعات ببليوجرافية. | ||
| 600 | 1 | 7 |
_927912 _aالزيات، محمد حسن _xمذكرات. _2BUEsh |
| 651 | 7 |
_aمصر _xتاريخ _yالعصر الحديث _yجمال عبد الناصر (1954-1970). _2BUEsh |
|
| 653 | _cNovember2011 | ||
| 655 | _vReading book | ||
| 942 |
_2ddc _cBB |
||
| 999 |
_c16267 _d16267 |
||